2k covers athletes - Statistics

General Stats
  • This quiz has been taken 41 times
  • The average score is 31 of 45
Answer Stats
Hint Answer % Correct
2k19 LeBron James
97%
2k14 LeBron James
97%
2k24 Kobe Bryant
94%
2k21 Kobe Bryant
94%
2k17 Kobe Bryant
94%
2k10 Kobe Bryant
94%
2k25 Jayson Tatum
92%
2k22 Kevin Durant
89%
2k15 Kevin Durant
89%
2k13 Kevin Durant
89%
2k4 Allen Iverson
86%
2k23 Michael Jordan
86%
2k16 Michael Jordan
86%
2k12 Michael Jordan
86%
2k11 Michael Jordan
86%
2k16 Stephen Curry
81%
2k20 Anthony Davis
78%
2k16 Anthony Davis
78%
2k23 Devin Booker
78%
2k22 Luka Doncic
75%
2k3 Allen Iverson
72%
2k2 Allen Iverson
72%
2k Allen Iverson
72%
2k21 Damian Lillard
69%
2k16 James Harden
69%
2k19 Giannis Antetokounmpo
64%
2k18 Kyrie Irving
64%
2k20 Dwyane Wade
61%
2k18 Shaq O'neal
61%
2k7 Shaq Oneal
61%
2k6 Shaq Oneal
61%
2k21 Zion Williamson
61%
2k12 Larry Bird
53%
2k17 Paul George
53%
2k9 Kevin Garnett
50%
2k13 Derrick Rose
47%
2k12 Magic Johnson
44%
2k22 Dirk Nowitzki
42%
2k5 Ben Wallace
39%
2k8 Chris Paul
39%
2k25 Vince Carter
39%
2k25 A'ja Wilson
36%
2k22 Kareem Abdul-Jabbar
36%
2k13 Blake Griffin
33%
2k19 Ben Simmons
14%
No matching quizzes found
Score Distribution
Percent of People with Each Score
Percentile by Number Answered
Your Score History
You have not taken this quiz